000 00309nam a2200097Ia 4500
082 _a745.582 HINE
245 0 _aThe beaded object : making gorgeous flowers & other decorative accents
100 _a HINEY, Mary Jo New York, 2003
_996484
942 _cBK
008 210817s9999 xx 000 0 und d
999 _c405445
_d405444